000 01136nam a22002657a 4500
005 20101221150319.0
008 101221t xxu||||| |||| 00| 0 eng d
010 _a ENG-101841
020 _a0198070918
_c1100.00
035 _aEN-85374
037 _bDBAD/PUB
040 _adpl
_bEng
082 _a599.75609544
100 1 _aThapar, Valmik
_925037
245 1 0 _aRanthambhore :
_b10 days in the tiger fortress /
_cby Valmik Thapar
260 _aNew Delhi
_bOxford University Press
_c2008
270 _aYMCA Library Building , Jai Singh Road
_bNew Delhi
_e110001
300 _axv, 149 p. :
_bcol. ill.
_c23 cm (Hb)
650 0 _aTiger
_zIndia
_zRanthambhor National Park.
_925038
650 0 _aTiger
_zIndia
_zRanthambhor National Park
_vPictorial works.
_925039
856 4 2 _3Contributor biographical information
_uhttp://www.loc.gov/catdir/enhancements/fy0908/2008319501-b.html
942 _2ddc
_cEN
_h599.75609544
_mTHA
999 _c49369
_d49369